书目信息 |
| 题名: |
卡通课堂
|
|
| 作者: | 周琮凯 , 罗江玫 编著 | |
| 分册: | ||
| 出版信息: | 沈阳 辽宁美术出版社 2000.07 |
|
| 页数: | 98页 | |
| 开本: | 26cm | |
| 丛书名: | ||
| 单 册: | ||
| 中图分类: | J218.7 | |
| 科图分类: | ||
| 主题词: | 动画--dong hua--技法--美术 | |
| 电子资源: | ||
| ISBN: | 7-5314-2482-7 | |
| 000 | 01129nam0 2200277 450 | |
| 001 | 012008095671 | |
| 005 | 20080319093532.82 | |
| 010 | @a7-5314-2482-7@dCNY38.00 | |
| 100 | @a20080318d2000 km y0chiy0120 ea | |
| 101 | 0 | @achi |
| 102 | @aCN@b210000 | |
| 105 | @aa a 000yy | |
| 106 | @ar | |
| 200 | 1 | @a卡通课堂@Aka tong ke tang@e四川美术学院卡通教学状态展播@f周琮凯,罗江玫编著@Fzhou cong kai,luo jiang mei bian zhu |
| 210 | @a沈阳@c辽宁美术出版社@d2000.07 | |
| 215 | @a98页@c图@d26cm | |
| 314 | @a罗江玫(女,1961~),生于重庆,重庆商学院设计系讲师。作品有《珠》、《丹顶鹤》等。 | |
| 314 | @a周琮凯(1965~),生于重庆,四川美术学院任教、副教授,著有《图形创意等。 | |
| 330 | @a本书包括卡通概述;卡通艺术基础训练与教学设计;卡通设计与造型;卡通艺术的创意;情节设计与编导;表现技法与制作等。 | |
| 517 | 1 | @a四川美术学院卡通教学状态展播@Asi chuan mei shu xue yuan ka tong jiao xue zhuang tai zhan bo |
| 606 | 0 | @a动画@Adong hua@x技法@x美术 |
| 690 | @aJ218.7@v4 | |
| 701 | 0 | @a周琮凯@Azhou cong kai@4编著 |
| 701 | 0 | @a罗江玫@Aluo jiang mei@4编著 |
| 801 | 0 | @aCN@bQSSK@c20080319 |
| 905 | @b20287376-78@dJ218.7@eZ813@f3 | |
| 卡通课堂:四川美术学院卡通教学状态展播/周琮凯,罗江玫编著.-沈阳:辽宁美术出版社,2000.07 |
| 98页:图;26cm |
| ISBN 7-5314-2482-7:CNY38.00 |
| 本书包括卡通概述;卡通艺术基础训练与教学设计;卡通设计与造型;卡通艺术的创意;情节设计与编导;表现技法与制作等。 |
| ● |
| 相关链接 |
|
|
|
正题名:卡通课堂
索取号:J218.7/Z813
 
预约/预借
| 序号 | 登录号 | 条形码 | 馆藏地/架位号 | 状态 | 备注 |
| 1 | 287376 | 202873765 | 社科库309/309社科库 74排2列6层/ [索取号:J218.7/Z813] | 在馆 | |
| 2 | 287377 | 202873774 | 社科库309/309社科库 74排2列5层/ [索取号:J218.7/Z813] | 在馆 | |
| 3 | 287378 | 202873783 | 自科二线404/309社科库 74排2列6层/ [索取号:J218.7/Z813] | 在馆 |